Suffering: (Record no. 2702)
[ view plain ]
| 000 -LEADER | |
|---|---|
| fixed length control field | 00584nam a2200193Ia 4500 |
| 008 - FIXED-LENGTH DATA ELEMENTS--GENERAL INFORMATION | |
| fixed length control field | 200826s9999||||xx |||||||||||||| ||und|| |
| 020 ## - INTERNATIONAL STANDARD BOOK NUMBER | |
| International Standard Book Number | 800618130 |
| 020 ## - INTERNATIONAL STANDARD BOOK NUMBER | |
| International Standard Book Number | 9780800618131 |
| 041 ## - LANGUAGE CODE | |
| Language code of text/sound track or separate title | eng |
| Language code of original | ger |
| 050 ## - LIBRARY OF CONGRESS CALL NUMBER | |
| Classification number | BT732.7 |
| Item number | .S681 1984 |
| 100 ## - MAIN ENTRY--PERSONAL NAME | |
| Personal name | Soelle, Dorothee |
| 245 #0 - TITLE STATEMENT | |
| Title | Suffering: |
| Remainder of title | Leiden / |
| Statement of responsibility, etc. | Dorothee Soelle; translated by Everett R. Kalin |
| 260 ## - PUBLICATION, DISTRIBUTION, ETC. | |
| Place of publication, distribution, etc. | Philadelphia : |
| Name of publisher, distributor, etc. | Fortress Press, |
| Date of publication, distribution, etc. | 1984 |
| 300 ## - PHYSICAL DESCRIPTION | |
| Extent | 178 p. |
| Other physical details | ; |
| Dimensions | 23 cm. |
| 500 ## - GENERAL NOTE | |
| General note | Translation of: Leiden. |
| 650 ## - SUBJECT ADDED ENTRY--TOPICAL TERM | |
| Topical term or geographic name entry element | Suffering Religious aspects Christianity. |
| 700 ## - ADDED ENTRY--PERSONAL NAME | |
| Personal name | Kalin, Everett R. |
| Withdrawn status | Lost status | Damaged status | Not for loan | Home library | Current library | Shelving location | Date acquired | Total Checkouts | Full call number | Barcode | Date last seen | Price effective from | Koha item type | Copy number |
|---|---|---|---|---|---|---|---|---|---|---|---|---|---|---|
| GETS Theological Seminary Library | GETS Theological Seminary Library | General Stacks | 08/12/2020 | BT732.7 .S6513 1984 | 00001579 | 08/12/2020 | 08/12/2020 | English Books | ||||||
| GETS Theological Seminary Library | GETS Theological Seminary Library | Duplicate Section | 08/26/2020 | BT732.7 .S681 1984 | 00007292 | 08/26/2020 | 08/26/2020 | English Books | c. 2 |